00171 a2200073 45000010005000001000018000052450047000232600027000708677 aCovey Stephen aseven Habits of highly influential peoples bSimon & Schusterc1994